000 00492nam a2200145 i 4500
001 21231
003 ES-MaACL
007 t|
008 021122s1955 sp ||||1| spa d
100 1 _aAgramonte Cortijo, Francisco.
_918587
245 1 3 _aEl frac a veces aprieta
_b: anécdotas y lances de la vida diplomática /
_cFrancisco Agramonte Cortijo ; con prólogo del autor.
260 _aMadrid :
_bAguilar,
_c1955 (
_fBenzal)
300 _a509 p. ;
_c20 cm.
852 _aES-MaACL
_jC-9266
_bR.37214
999 _c21231
_d21231